Metričeskaja ocenka kačestva programm

Saved in:
Bibliographic Details
Main Author: Izosimov, Aleksandr Vadimovič
Other Authors: Ryžko, Andrej Leonidovič
Format: Book
Language:Russian
Published: Moskva MAI 1989
Edition:1. izd.
Tags: Add Tag
No Tags, Be the first to tag this record!

MARC

LEADER 00000nam a2200000 4500
001 c036767
005 20221215134025.7
041 0 |a rus 
044 |a RU 
245 1 0 |a Metričeskaja ocenka kačestva programm  |c Aleksandr Vadimovič Izosimov, Andrej Leonidovič Ryžko 
250 |a 1. izd. 
264 1 |a Moskva  |b MAI  |c 1989 
300 |a 96 s. 
100 1 |a Izosimov, Aleksandr Vadimovič 
700 1 |a Ryžko, Andrej Leonidovič